| 000 | 00390 a2200157 4500 | ||
|---|---|---|---|
| 001 | 74257 | ||
| 020 | _a851231060-x | ||
| 040 | _cAnchieta - Colégio São Paulo | ||
| 100 | _aDespresbiteris, Léa | ||
| 240 | 1 | 0 |
_aO desafio da Avaliação de Aprendizagem _lpor |
| 245 | 1 | 0 | _aO desafio da Avaliação de Aprendizagem |
| 300 | _a91 | ||
| 362 | 0 | _a1989 | |
| 650 | 4 | _aEducação | |
| 942 | _cBK | ||
| 999 |
_c74257 _d74257 |
||